000
00270nam a2200097Ia 4500
001
1047750
005
20250826232241.0
008
250824s9999 xx 000 0 und d
245
0
_a
BİR DEVRİN BİTTİĞİ YER ÇANAKKALE
_c
YAVUZ BAHADIROĞLU
260
_b
PANAMA YAYINLARI
999
_c
1047750
_d
1047750